| 000 | 00451nam a2200157Ia 4500 | ||
|---|---|---|---|
| 999 |
_c20135 _d20135 |
||
| 003 | OSt | ||
| 005 | 20200701142256.0 | ||
| 008 | 190216s9999||||xx |||||||||||||| ||und|| | ||
| 040 | _coclc | ||
| 082 |
_a909 _bFAR/A |
||
| 100 |
_a Faruki, Zahiruddin _93412 |
||
| 245 | 0 |
_aAurangzeb & His Times / _cZahiruddin Faruki |
|
| 260 |
_bIdarah-1 Adabiyat-1, _c1980. _aDelhi: |
||
| 300 | _a596p | ||
| 942 |
_cBK _2ddc _h909 _iFAR/A _k909 _mFAR/A |
||